LIBRARY & INFORMATION CENTRE, KCAET, TAVANUR

ONLINE PUBLIC ACCESS CATALOGUE (OPAC)

Clark`s Tables: Science data book / (Record no. 4467)

MARC details
000 -LEADER
fixed length control field 00418cam a2200169ua 4500
041 ## - LANGUAGE CODE
Language code of text/sound track or separate title eng
082 ## - DEWEY DECIMAL CLASSIFICATION NUMBER
Classification number 510.0212
Item number CLA/CL
100 ## - MAIN ENTRY--AUTHOR NAME
Personal name Clark, K L R .
245 ## - TITLE STATEMENT
Title Clark`s Tables: Science data book /
260 ## - PUBLICATION, DISTRIBUTION, ETC. (IMPRINT)
Place of publication Edinborough :
Name of publisher Oliver and Boyd ,
Year of publication 1974.
300 ## - PHYSICAL DESCRIPTION
Number of Pages 96 ; .
942 ## - ADDED ENTRY ELEMENTS (KOHA)
Koha item type Books
Holdings
Withdrawn status Lost status Damaged status Home library Current library Date acquired Full call number Accession Number Koha item type
      KAUAET KAUAET 07/04/2012 510.0212 13398 Books
free website counter